Ciudadanía, desarrollo y violencia: algunas conexiones /

Este trabajo se divide en cuatro partes. La primera consiste en un contexto general sobre las tres palabras de su título. En la segunda se analiza una propuesta de vincular paz y desarrollo, a saber, la efectuada por el Programa de Naciones Unidas para el Desarrollo y que es la de seguridad humana....

Ful tanımlama

Kaydedildi:
Detaylı Bibliyografya
Yazar: Tortosa, José María
Materyal Türü: Metin
Konular:
Etiketler: Etiketle
Etiket eklenmemiş, İlk siz ekleyin!

MARC

LEADER 00000 a a2200000 04500
001 40851
003
040
100 |a Tortosa, José María  
245 |a Ciudadanía, desarrollo y violencia:   |b algunas conexiones /  |c José María Tortosa  
520 |a Este trabajo se divide en cuatro partes. La primera consiste en un contexto general sobre las tres palabras de su título. En la segunda se analiza una propuesta de vincular paz y desarrollo, a saber, la efectuada por el Programa de Naciones Unidas para el Desarrollo y que es la de seguridad humana. También se abordan las dificultades para conseguirla. La tercera está dedicada a algunos pronósticos en los que las conexiones entre las tres palabras se hacen más evidentes. La cuarta parte de resaltar a resaltar los temas abiertos.  
590 |a RRA/ENERO2012  
650 |a 1.CIUDADANIA  
650 |a 2.DESARROLLO SOCIAL  
650 |a 3.VIOLENCIA  
650 |a 4.PAZ  
650 |a 5.SEGURIDAD  
650 |a 6.AYUDA AL DESARROLLO  
773 |g volumen13, número41 ( , 2006), páginas 13-39  
999 |c 29090  |d 29090